[Event "Durban USSA op"]
[Site "Durban"]
[Date "2023.12.04"]
[Round "1"]
[White "Hemeni, Simamnkele"]
[Black "Solomon, Simamkele"]
[Result "1-0"]
[WhiteElo "1786"]
[BlackElo "1127"]
[PlyCount "59"]
[EventDate "2023.12.04"]
[EventType "swiss"]
[EventRounds "9"]
[EventCountry "RSA"]
[SourceTitle "CB50_2023"]
[SourceDate "2023.12.13"]
[SourceVersion "1"]
[SourceVersionDate "2023.12.13"]
[SourceQuality "1"]

1. d4 Nf6 2. c4 e6 3. g3 d5 4. Bg2 Be7 5. Nf3 0-0 6. 0-0 c5 7. cxd5 exd5 8. Nc3 Nc6 9. dxc5 Bxc5 10. Bg5 Be6 11. Bxf6 Qxf6 12. Nxd5 Qxb2 13. Nc7 Rad8 14. Qc1 Qxc1 15. Raxc1 b6 16. Nxe6 fxe6 17. e3 Nb4 18. Ng5 Rf6 19. Ne4 Nd3 20. Nxf6+ gxf6 21. Rcd1 Rd6 22. Be4 Ne5 23. Rxd6 Bxd6 24. Rd1 Nf7 25. Bc2 a5 26. Bb3 Bc5 27. Bxe6 Kf8 28. Rd7 Ng5 29. Bd5 Ke8 30. Rb7 1-0